Povinnosti platiteľa DPH od januára 2014

Postavenie platiteľa dane z pridanej hodnoty. Zmeny v novele zákona o DPH a daňová povinnosť pre platiteľov dane z pridanej hodnoty.

Na minha lista:
Detalhes bibliográficos
Autor principal: Válek, Juraj, 1981-
Formato: Capítulo de Livro
Idioma:eslovaco
Assuntos:
Tags: Adicionar Tag
Sem tags, seja o primeiro a adicionar uma tag!

MARC

LEADER 00000naa a2200000 4500
001 0181260
005 20240502073116.9
041 0 |a slo 
044 |a SK 
245 1 0 |a Povinnosti platiteľa DPH od januára 2014  |c Juraj Válek 
520 |a Postavenie platiteľa dane z pridanej hodnoty. Zmeny v novele zákona o DPH a daňová povinnosť pre platiteľov dane z pridanej hodnoty. 
610 2 0 |a dane z hodnoty pridanej 
610 2 0 |a daňovníci 
610 2 0 |a povinnosť daňová 
610 2 0 |a obdobie zdaňovacie 
610 2 0 |a registrácia 
610 2 0 |a správa daňová 
100 1 |a Válek, Juraj, 1981-